| 000 | 02580nam a22003017a 4500 | ||
|---|---|---|---|
| 001 | 9047 | ||
| 003 | FISKH | ||
| 005 | 20251117160543.0 | ||
| 008 | 251117b cb ||||| |||| 00| 0 eng d | ||
| 020 | _a9789996301360 | ||
| 040 |
_aFISKH _bkhr _cFISKH _dFISKH |
||
| 082 | _a823 | ||
| 100 | _aTongleang, Noeun | ||
| 245 |
_aប៉ូលីសទន្សាយកំចាត់គ្រឿងញៀន : _bRabbit police combats drug trafficking / _cនិពន្ធដោយ លោក នឿន តុងលាង , កែសម្រួលដោយ អ្នកស្រី គឹមស៊ុន សុធារី , លោក ធី ចាន់ថន និង កញ្ញា ហេង ចរិយា |
||
| 260 |
_aPhnom Penh : _bReading Books , _c2011. |
||
| 300 |
_a23 pages : _bcolor illustrations ; _c25 cm. |
||
| 490 | _aពិភពរឿងនិទាន | ||
| 505 | _aK | ||
| 520 | _aរឿងនេះមានបំណងអប់រំដល់ប្អូនៗកុមារអោយដឹងថា ការជួញដូរ និងការប្រើប្រាស់គ្រឿងញៀនគីជាអំពើខុសច្បាប់ ។ សូមប្អូនឺចៀសអោយផុតពីការសាក ឬ ការប្រើប្រាស់គ្រឿងញៀន ព្រោះវានឹងបំផ្លាញអនាគតប្អូនៗ ។ក្នុងករណីដែលប្អូនៗបានឃើញអ្នកប្រើប្រាស់គ្រឿងញៀន ឬ ការជួញដូរគ្រៀងញៀន សូមប្អូនៗរាយការណ៏ទៅអាជ្ញាធរដែលនៅជិតបំផុត ដើម្បីកំចាត់អ្នកទាំងអស់នោះ ។ ់់់ | ||
| 520 | _aThis story aims at educating the kids to be aware that drug trafficking and drug use are illegal activities. You, the children, must avoid trying or using drug because drug will ruin your future . If you see anyone using or dealing drugs, you have to report the nearest local authorities to take the crackdown on them . | ||
| 521 | 8 |
_a510
_bLexile estimate |
|
| 521 | 8 |
_aK
_bRaz-Plus |
|
| 650 |
_aប៉ូលីសទន្សាយកំចាត់គ្រឿងញៀន _vរឿងនិទានកុមារ |
||
| 650 |
_aRabbit police combats drug trafficking _vChildren's Stories |
||
| 700 |
_aBunthorn, Theak _eIllustrator |
||
| 942 |
_2ddc _cKHB _n0 |
||
| 999 |
_c9047 _d9047 |
||